Sci-Fi / Fantasy Movies Concept Art Quiz Stats

 Plays Quiz not verified by Sporcle

Score 0/20 Timer 06:00
0 Plays Today
Movie % Correct
Star Wars
91.4%
War of the Worlds
43.1%
Starship Troopers
28.4%
Harry Potter and the Goblet of Fire
26.4%
The Golden Compass
22.8%
Blade Runner
19.3%
The Lord of the Rings: The Return of the King
18.3%
Avatar
16.8%
The Matrix
16.2%
Tron Legacy
6.1%
Movie % Correct
A.I.
6.1%
Terminator Salvation
5.1%
Hellboy 2: The Golden Army
3.6%
The Chronicles of Narnia: The Lion, The Witch and The Wardrobe
3%
The Hitchhikers Guide to the Galaxy
2%
WALL-E
1.5%
V for Vendetta
0.5%
Children of Men
0.5%
2001: A Space Odyssey
0.5%
Speed Racer
0%

You're not logged in!

Compare scores with friends on all Sporcle quizzes.
OR
Log In

Show Comments

Extras

Top Quizzes Today


Score Distribution

Your Account Isn't Verified!

In order to create a playlist on Sporcle, you need to verify the email address you used during registration. Go to your Sporcle Settings to finish the process.

Report this User

Report this user for behavior that violates our Community Guidelines.

Details: